000 00646nam a22001937a 4500
008 160917b xxu||||| |||| 00| 0 eng d
020 _a0-07-116959-8
082 _22000
_aDC 515
_bH67c
100 _914773
_aHoffmann, Laurence D.
245 _aCalculus for business, economics, and the social and life sciences/
_cLaurence D. Hoffmann and Gerald L. Bradley.
250 _a7th edition
260 _aBoston:
_bMcGraw-Hill,
_cc2000.
300 _axxi, 723 pages;
_c23 cm.
500 _aIncludes index.
650 0 _914772
_aCalculus
700 _914774
_aBradley, Gerald L.,
_d1940-
_eAuthor
365 _b2880.00
_cPhp
942 _2ddc
_cDC
999 _c4624
_d4624